000 00337nam a2200145Ia 4500
008 230917s9999||||xx |||||||||||||| ||und||
040 _e58426
_aMAIN
041 _aEnglish
082 _a822.3 W394W
100 _aWebster, John
245 0 _aWhite devil
260 _aEdinburgh
_bOliver and Boyd
_c1970
300 _a149 p.
942 _cBK
999 _c67530
_d67530